000 00313nam a22001337a 4500
999 _c55002
_d55002
008 200204b ||||| |||| 00| 0 eng d
041 _aeng
080 _2043.3
_a043.3
082 _a043.3
100 _a0
101 _aBTH
245 _aRoli i BE-së në Shtet-Ndërtimin e Kosovës
_cRrecaj,M
942 _2udc
_cBK